[Event "SRI-chB"]
[Site "Narahenpita"]
[Date "2017.05.20"]
[Round "7"]
[White "Prabajith, Asela"]
[Black "Gamage, H Charanga Jithmal"]
[Result "1-0"]
[WhiteElo "1843"]
[BlackElo "1695"]
[PlyCount "73"]
[EventDate "2017.05.12"]
[EventType "swiss"]
[EventRounds "10"]
[EventCountry "SRI"]
[SourceTitle "CBM 178 Extra"]
[Source "ChessBase"]
[SourceDate "2017.06.22"]
[SourceVersion "1"]
[SourceVersionDate "2017.06.22"]
[SourceQuality "1"]

1. b3 e5 2. Bb2 Nc6 3. e3 d5 4. Bb5 Bd6 5. Nf3 Qe7 6. d4 Bg4 7. h3 Bxf3 8. Qxf3 Nf6 9. 0-0 e4 10. Qe2 a6 11. Bxc6+ bxc6 12. c4 Qe6 13. Nc3 g5 14. f3 Nh5 15. c5 Ng3 16. Qf2 Nxf1 17. cxd6 exf3 18. d7+ Qxd7 19. Rxf1 fxg2 20. Qxg2 0-0-0 21. Na4 g4 22. h4 Rhg8 23. Nc5 Qe7 24. Qe2 Kb8 25. Nxa6+ Kc8 26. Nc5 Kb8 27. Qe1 Kc8 28. Qe2 Kb8 29. Rxf7 Qxh4 30. Qa6 Qe1+ 31. Kg2 Qd2+ 32. Rf2 Qb4 33. Qxc6 Qb6 34. Nd7+ Rxd7 35. Qxd7 Qh6 36. Qb5+ Ka8 37. Bc3 1-0

[Event "SRI-chB"]
[Site "Narahenpita"]
[Date "2017.05.13"]
[Round "3"]
[White "Alahakoon, Isuru"]
[Black "Prabajith, Asela"]
[Result "1-0"]
[WhiteElo "2047"]
[BlackElo "1843"]
[PlyCount "48"]
[EventDate "2017.05.12"]
[EventType "swiss"]
[EventRounds "10"]
[EventCountry "SRI"]
[SourceTitle "CBM 178 Extra"]
[Source "ChessBase"]
[SourceDate "2017.06.22"]
[SourceVersion "1"]
[SourceVersionDate "2017.06.22"]
[SourceQuality "1"]

1. d4 Nf6 2. Bf4 g6 3. c4 Bg7 4. Nc3 d6 5. Nf3 0-0 6. e3 Nbd7 7. Be2 c5 8. 0-0 b6 9. d5 Nh5 10. Bg5 h6 11. Bh4 g5 12. Nd2 Nhf6 13. Bg3 Ne5 14. Qc2 Bd7 15. Rad1 Qc8 16. f3 a6 17. a4 Ne8 18. h4 Bf5 19. e4 Bh7 20. Qc1 Ng6 21. hxg5 hxg5 22. Nb3 Bh6 23. Kf2 Nf4 24. Rh1 Kg7 1-0

[Event "SRI-chB"]
[Site "Colombo"]
[Date "2016.03.20"]
[Round "7"]
[White "Piyumantha, M Sasith Nipun"]
[Black "Prabajith, Asela"]
[Result "1-0"]
[WhiteElo "1994"]
[BlackElo "1781"]
[PlyCount "106"]
[EventDate "2016.03.12"]
[EventType "swiss"]
[EventRounds "10"]
[EventCountry "SRI"]
[SourceTitle "CBM 171 Extra"]
[Source "ChessBase"]
[SourceDate "2016.04.26"]
[SourceVersion "1"]
[SourceVersionDate "2016.04.26"]
[SourceQuality "1"]

1. d4 Nf6 2. c4 e6 3. g3 Bb4+ 4. Bd2 Qe7 5. Nf3 a5 6. Bg2 0-0 7. 0-0 Bxd2 8. Qxd2 d6 9. Nc3 e5 10. e4 c6 11. Rfe1 Bg4 12. Nh4 Ne8 13. h3 Be6 14. b3 Na6 15. Rad1 Qf6 16. Nf3 Nec7 17. Kh2 Rfd8 18. Qe3 exd4 19. Nxd4 Nc5 20. Nf3 N7a6 21. Nd4 Bd7 22. Rd2 Re8 23. Red1 Rad8 24. Nde2 Bc8 25. Qf4 Re6 26. Qxf6 Rxf6 27. f4 Rh6 28. e5 Kf8 29. exd6 Bg4 30. h4 Nb4 31. Kg1 Nbd3 32. Rxd3 Nxd3 33. Rxd3 Rdxd6 34. Rxd6 Rxd6 35. Kf2 Rd2 36. Ke3 Rb2 37. Bf3 Be6 38. Nd4 Ke7 39. Nxe6 fxe6 40. Be2 h6 41. Kd3 a4 42. bxa4 Rb6 43. c5 Ra6 44. Bd1 Ra8 45. Ne2 Rd8+ 46. Nd4 Kf6 47. Ke4 Rd5 48. Bb3 Rxc5 49. Nf3 Rc3 50. g4 g6 51. g5+ hxg5 52. hxg5+ Kf7 53. Ne5+ Kg7 1-0

[Event "SRI-chB"]
[Site "Malabe"]
[Date "2015.06.28"]
[Round "9"]
[White "Prabajith, Asela"]
[Black "Anojman, S."]
[Result "0-1"]
[WhiteElo "1845"]
[BlackElo "1610"]
[PlyCount "128"]
[EventDate "2015.06.19"]
[EventType "swiss"]
[EventRounds "10"]
[EventCountry "SRI"]
[SourceTitle "CBM 167 Extra"]
[Source "ChessBase"]
[SourceDate "2015.09.14"]
[SourceVersion "1"]
[SourceVersionDate "2015.09.14"]
[SourceQuality "1"]

1. e4 c5 2. Nc3 Nc6 3. f4 g6 4. Nf3 Bg7 5. Bb5 Nd4 6. 0-0 e6 7. e5 Ne7 8. a4 0-0 9. Ne4 a6 10. Nxd4 cxd4 11. Be2 d5 12. Nd6 Qc7 13. Nxc8 Raxc8 14. c3 Qc5 15. Kh1 Nc6 16. Qe1 b5 17. Rf3 f6 18. exf6 Bxf6 19. Rh3 e5 20. Bg4 Rce8 21. f5 g5 22. axb5 axb5 23. Ra6 b4 24. cxd4 exd4 25. Qg1 Ne5 26. Be2 Rc8 27. Ra1 d3 28. Bxd3 Ng4 29. Re3 Nxe3 30. dxe3 Rfe8 31. g4 Rc7 32. Qf1 Rec8 33. Kg2 Qd6 34. Ra6 Rc6 35. Ra1 Qc7 36. Bd2 Bxb2 37. Rb1 Bc3 38. Bxc3 bxc3 39. Bc2 Qe7 40. Qf3 Qe5 41. Rd1 Rd8 42. Rf1 Rf6 43. Rd1 Kg7 44. Rb1 Rd7 45. h4 Rh6 46. h5 Rf6 47. Rd1 h6 48. Rb1 Ra6 49. Qd1 Qxe3 50. Qf1 Ra2 51. f6+ Kf7 52. Rc1 Qe4+ 53. Qf3 Rxc2+ 54. Rxc2 Qxc2+ 55. Kg3 Qd2 56. Kh3 c2 57. Qf5 Qe3+ 58. Kg2 Qe4+ 59. Kg3 Qxf5 60. gxf5 c1Q 61. Kg2 Qc3 62. Kh2 Rb7 63. Kg2 Rb2+ 64. Kh1 Qc1# 0-1

[Event "SRI-chB"]
[Site "Malabe"]
[Date "2015.06.20"]
[Round "3"]
[White "Prabajith, Asela"]
[Black "De Silva, Elath Mathanga"]
[Result "0-1"]
[WhiteElo "1845"]
[BlackElo "1962"]
[PlyCount "94"]
[EventDate "2015.06.19"]
[EventType "swiss"]
[EventRounds "10"]
[EventCountry "SRI"]
[SourceTitle "CBM 167 Extra"]
[Source "ChessBase"]
[SourceDate "2015.09.14"]
[SourceVersion "1"]
[SourceVersionDate "2015.09.14"]
[SourceQuality "1"]

1. e4 c5 2. Nc3 g6 3. f4 Bg7 4. Nf3 a6 5. a4 Nc6 6. g3 e6 7. Bg2 Nge7 8. d3 0-0 9. 0-0 d5 10. e5 h5 11. Nh4 Nd4 12. h3 Nec6 13. Ne2 Nxe2+ 14. Qxe2 Nd4 15. Qd1 Rb8 16. c3 Nf5 17. Nxf5 exf5 18. Be3 d4 19. cxd4 cxd4 20. Bd2 Re8 21. Bb4 Bf8 22. Bxf8 Rxf8 23. Bf3 Be6 24. Rf2 Kg7 25. Rh2 Rh8 26. Rc1 Bd5 27. Bxd5 Qxd5 28. Rc7 Rhc8 29. Rhc2 Rxc7 30. Rxc7 Re8 31. Kf2 b5 32. axb5 Qxb5 33. Qc2 Re6 34. Rc4 Qd5 35. Qd1 Rb6 36. b4 a5 37. Rc5 Qa2+ 38. Rc2 Qa4 39. e6 Rxe6 40. bxa5 Re3 41. Rd2 Qc6 42. Ra2 h4 43. Rc2 Qd5 44. Kg1 Rxg3+ 45. Kh2 Qxa5 46. Re2 Qd5 47. Re5 Qg2# 0-1

[Event "Asia zt 3.2"]
[Site "Colombo"]
[Date "2013.02.04"]
[Round "3"]
[White "Alahakoon, Isuru"]
[Black "Prabajith, Asela"]
[Result "1-0"]
[WhiteElo "2064"]
[BlackElo "1863"]
[PlyCount "49"]
[EventDate "2013.02.03"]
[EventType "swiss"]
[EventRounds "9"]
[EventCountry "SRI"]
[SourceTitle "CBM 153 Extra"]
[Source "ChessBase"]
[SourceDate "2013.04.22"]
[SourceVersion "1"]
[SourceVersionDate "2013.04.22"]
[SourceQuality "1"]

1. e4 d6 2. Bc4 Nf6 3. Nc3 g6 4. f4 c6 5. Nf3 b5 6. Bb3 Bg4 7. h3 Bxf3 8. Qxf3 Nbd7 9. d4 e6 10. 0-0 b4 11. Ne2 d5 12. Ng3 Nb6 13. c3 Qc7 14. f5 dxe4 15. Nxe4 Nxe4 16. Qxe4 gxf5 17. Rxf5 Rg8 18. Bxe6 fxe6 19. Qxe6+ Qe7 20. Qxg8 0-0-0 21. Bg5 Qg7 22. Qxg7 Bxg7 23. Bxd8 Kxd8 24. Rf7 Bh6 25. Rxh7 1-0

[Event "Ambalangoda Dhamso op 2nd"]
[Site "Ambalangoda"]
[Date "2012.04.22"]
[Round "8"]
[White "Prabajith, Asela"]
[Black "Karunarathna, Chathupa Indawara"]
[Result "0-1"]
[WhiteElo "1848"]
[BlackElo "1545"]
[PlyCount "106"]
[EventDate "2012.04.19"]
[EventType "swiss"]
[EventRounds "9"]
[EventCountry "SRI"]
[SourceTitle "CBM 148 Extra"]
[Source "ChessBase"]
[SourceDate "2012.06.22"]
[SourceVersion "1"]
[SourceVersionDate "2012.06.22"]
[SourceQuality "1"]

1. c4 e6 2. e3 c6 3. Nf3 d5 4. Qc2 Bd6 5. b3 f5 6. Bb2 Nf6 7. a3 0-0 8. d3 Qe7 9. Nbd2 Nbd7 10. e4 fxe4 11. dxe4 dxe4 12. Nxe4 Nxe4 13. Qxe4 Nc5 14. Qc2 e5 15. Nd2 Qf7 16. f3 Bf5 17. Qc3 Rae8 18. 0-0-0 e4 19. Qd4 e3 20. Ne4 Nxb3+ 21. Kc2 Nxd4+ 22. Rxd4 Bxe4+ 23. fxe4 Qf2+ 24. Kb3 Be5 25. Bd3 Bxd4 26. Bxd4 Qd2 27. Bc2 Qxd4 28. Rd1 Qxd1 29. Bxd1 Rd8 30. Bg4 Rf2 31. e5 e2 32. Bxe2 Rxe2 33. e6 Rxe6 34. Kb4 Kf7 35. g4 Re2 36. g5 c5+ 37. Ka4 Re4 38. Kb5 a6+ 39. Ka5 Rd3 40. a4 Rxc4 41. g6+ Kxg6 42. h4 Rxh4 43. Kb6 Rb3+ 44. Ka5 b6+ 45. Kxa6 Rxa4+ 46. Kb7 Kf6 47. Kc6 Ke6 48. Kb7 Kd7 49. Kb8 Re3 50. Kb7 Rb4 51. Kb8 Kc6 52. Ka8 Ra4+ 53. Kb8 Re8# 0-1